"They say/I say" : (Record no. 17520)

000 -LEADER
fixed length control field 00665cam a2200229 a 4500
020 ## - INTERNATIONAL STANDARD BOOK NUMBER
ISBN 9780393912753 (pbk.)
040 ## - CATALOGING SOURCE
Transcribing agency DLC
082 00 - DEWEY DECIMAL CLASSIFICATION NUMBER
Classification number 808 W.W.N 2012 A116 Or.
100 1# - MAIN ENTRY--AUTHOR NAME
Personal name Graff, Gerald.
245 10 - TITLE STATEMENT
Title "They say/I say" :
Remainder of title the moves that matter in academic writing : with readings /
250 ## - EDITION STATEMENT
Edition statement 2nd ed.
260 ## - PUBLICATION, DISTRIBUTION, ETC. (IMPRINT)
Place of publication New York :
Name of publisher W.W. Norton & Co.,
Year of publication c2012.
300 ## - PHYSICAL DESCRIPTION
Number of Pages xxix, 701 p. :
Other physical details ill. ;
Dimensions 19 cm.
650 #0 - SUBJECT ADDED ENTRY--TOPICAL TERM
Topical Term English language
650 #0 - SUBJECT ADDED ENTRY--TOPICAL TERM
Topical Term Persuasion (Rhetoric)
650 #0 - SUBJECT ADDED ENTRY--TOPICAL TERM
Topical Term Report writing
650 #0 - SUBJECT ADDED ENTRY--TOPICAL TERM
Topical Term Academic writing
650 #0 - SUBJECT ADDED ENTRY--TOPICAL TERM
Topical Term College readers.
700 1# - ADDED ENTRY--PERSONAL NAME
Personal name Birkenstein, Cathy.
700 1# - ADDED ENTRY--PERSONAL NAME
Personal name Durst, Russel K.,
942 ## - ADDED ENTRY ELEMENTS (KOHA)
Koha item type ADB
952 ## - LOCATION AND ITEM INFORMATION (KOHA)
Withdrawn status [LOCAL, KOHA] 0
952 ## - LOCATION AND ITEM INFORMATION (KOHA)
Withdrawn status [LOCAL, KOHA] 0
952 ## - LOCATION AND ITEM INFORMATION (KOHA)
Withdrawn status [LOCAL, KOHA] 0
952 ## - LOCATION AND ITEM INFORMATION (KOHA)
Withdrawn status [LOCAL, KOHA] 0
952 ## - LOCATION AND ITEM INFORMATION (KOHA)
Withdrawn status [LOCAL, KOHA] 0
Holdings
Permanent Location Date acquired Koha item type Lost status Shelving location Barcode Current Location Full call number
Library Block A2018-12-05សៀវភៅភាសាអង់គ្លេស A116A37966Library Block A808 W.W.N 2012 A116 Or.
Library Block A2018-12-05សៀវភៅភាសាអង់គ្លេស A116A37831Library Block A808 W.W.N 2012 A116 Or.
Library Block A2018-12-05សៀវភៅភាសាអង់គ្លេស A116A35916Library Block A808 W.W.N 2012 A116 Or.
Library Block A2018-12-05សៀវភៅភាសាអង់គ្លេស A116A37485Library Block A808 W.W.N 2012 A116 Or.
Library Block A2018-12-05សៀវភៅភាសាអង់គ្លេស A116A37005Library Block A808 W.W.N 2012 A116 Or.
មជ្ឈមណ្ឌលឯការនៃសាកលវិទ្យាល័យភូមិន្ទកសិកម្មចំការដូង

Powered by Koha